000 00504nam a2200181 i 4500
001 13742
003 ES-MaACL
005 20230906150644.0
007 t|
008 980702s1994 mx ||||1| spa d
080 _a821.134.2(72)-14"19"
100 1 _aSandoval, Víctor.
_9103108
245 1 0 _aTrovas de amor y desdenes /
_cVíctor Sandoval.
250 _a1ª ed.
260 _aMéxico :
_bSeminario de Cultura Mexicana,
_c1994.
300 _a69 p. ;
_c23 cm.
852 _aES-MaACL
_jL-21077
_bR.124015
999 _c13742
_d13742